Desarrollo del estudio de línea base respecto a la generación y gestión de los residuos sólidos ordinarios para el distrito cabecera del cantón de Río Cuarto
Kaydedildi:
| Yazar: | |
|---|---|
| Diğer Yazarlar: | |
| Materyal Türü: | Kitap |
| Dil: | Spanish |
| Baskı/Yayın Bilgisi: |
[San José], Costa Rica
2022
|
| Konular: |
MANEJO INTEGRAL DE RESIDUOS SOLIDOS - COSTA RICA
> MUNICIPALIDAD DE RIO CUARTO (ALAJUELA, COSTA RICA)
> DISPOSICION DE RESIDUOS
> RESIDUOS SOLIDOS
> MUNICIPALIDADES - COSTA RICA
> RECOLECCION DE BASURAS -RIO CUARTO (ALAJUELA, COSTA RICA)
> RESIDUOS SOLIDOS - ASPECTOS LEGALES - COSTA RICA
> TRATAMIENTO DE RESIDUOS
> RESIDUOS SOLIDOS - ADMINISTRACION - RIO CUARTO (ALAJUELA, COSTA RICA)
|
| Etiketler: |
Etiketle
Etiket eklenmemiş, İlk siz ekleyin!
|
MARC
| LEADER | 00000nam a2200000Ia 4500 | ||
|---|---|---|---|
| 003 | 013439 | ||
| 005 | 20240111132156.0 | ||
| 008 | 140116s2022 cr a 000 ||spa d | ||
| 040 | |c cru CEDI | ||
| 100 | |a Solís Molina, Alex Ricardo, 1992- |9 208 | ||
| 245 | |a Desarrollo del estudio de línea base respecto a la generación y gestión de los residuos sólidos ordinarios para el distrito cabecera del cantón de Río Cuarto | ||
| 260 | |a [San José], Costa Rica |c 2022 | ||
| 500 | |a Proyecto de graduación (licenciatura en ingeniería civil)--Universidad de Costa Rica. Facultad de Ingeniería. Escuela de Ingeniería Civil | ||
| 501 | |a Directora del proyecto de graduación: Ing. Nidia Cruz Zúñiga, MSc | ||
| 650 | |x MANEJO INTEGRAL DE RESIDUOS SOLIDOS - COSTA RICA |x MUNICIPALIDAD DE RIO CUARTO (ALAJUELA, COSTA RICA) |x DISPOSICION DE RESIDUOS |x RESIDUOS SOLIDOS |x MUNICIPALIDADES - COSTA RICA |x RECOLECCION DE BASURAS -RIO CUARTO (ALAJUELA, COSTA RICA) |x RESIDUOS SOLIDOS - ASPECTOS LEGALES - COSTA RICA |x TRATAMIENTO DE RESIDUOS |x RESIDUOS SOLIDOS - ADMINISTRACION - RIO CUARTO (ALAJUELA, COSTA RICA) | ||
| 700 | |9 99 |a Cruz Zúñiga, Nidia |d Directora del TFG | ||
| 942 | |c TFG |h TFG 8590 |i 013439 |6 TFG_8590_013439000000000 | ||
| 999 | |c 21941 |d 21941 | ||
